Servei públic de consum : No et conformis! Consumidors ho som tots No et conformis! Consumidors ho som tots
Descripción Física:
1 tríptic ; il·lustacions color ; mapa ; 15 x 21 cm
Materias:
Barcelona (Catalunya : Província). -- Xarxa Local de Consum
; Consumidors -- Protecció -- -- Barcelona (Catalunya : Província)
Idioma:
Catalán
MARC
| LEADER | 00000nam a22000007a 4500 | ||
|---|---|---|---|
| 001 | 27887 | ||
| 003 | Arxiu | ||
| 005 | 20260324181516.0 | ||
| 008 | 230522b spa||||| |||| 00| 0 cat d | ||
| 017 | |a B 13455-2014 | ||
| 040 | |a agdb |b cat | ||
| 110 | 1 | |9 52739 |a Barcelona (Catalunya : Província). |b Servei de Suport a les Polítiques de Consum | |
| 245 | |a Servei públic de consum : |b No et conformis! Consumidors ho som tots | ||
| 260 | |a Barcelona : |b Diputació de Barcelona ; |c 2014 | ||
| 300 | |a 1 tríptic ; |b il·lustacions color ; mapa ; |c 15 x 21 cm | ||
| 500 | |a Conté un mapa de la província de Barcelona amb els municipis adherits a la Xarxa Local de Consum. | ||
| 610 | 1 | 0 | |9 52772 |a Barcelona (Catalunya : Província). |b Xarxa Local de Consum |
| 650 | 0 | |9 50383 |a Consumidors |x Protecció |x |z Barcelona (Catalunya : Província) | |
| 710 | |9 52421 |a Barcelona (Catalunya : Província). |b Àrea d'Atenció a les Persones | ||
| 942 | |2 udc |c ARXIU |n 1 | ||
| 952 | |0 0 |1 0 |2 udc |4 0 |6 FU75111 |7 1 |9 66371 |a Arxiu |b Arxiu |d 2023-05-22 |l 0 |o FU-75-111 |p 27887 |r 2023-05-22 00:00:00 |w 2023-05-22 |y ARXIU | ||
| 999 | |c 83732 |d 83732 | ||